Estimating price book (Record no. 108741)
[ view plain ]
| 000 -LEADER | |
|---|---|
| fixed length control field | 01345cam a22002895a 4500 |
| 001 - CONTROL NUMBER | |
| control field | L145278 |
| 008 - FIXED-LENGTH DATA ELEMENTS--GENERAL INFORMATION | |
| fixed length control field | 080923s2008 xxk df 001 0 eng d |
| 020 ## - INTERNATIONAL STANDARD BOOK NUMBER | |
| International Standard Book Number | 9781904829836 |
| 035 ## - SYSTEM CONTROL NUMBER | |
| System control number | (Sirsi) u145278 |
| 041 0# - LANGUAGE CODE | |
| Language code of text/sound track or separate title | eng |
| 050 04 - LIBRARY OF CONGRESS CALL NUMBER | |
| Classification number | 692.5 $2 18 |
| 110 2# - MAIN ENTRY--CORPORATE NAME | |
| Corporate name or jurisdiction name as entry element | Building Cost Information Service |
| 9 (RLIN) | 1096 |
| 245 00 - TITLE STATEMENT | |
| Title | Estimating price book |
| Remainder of title | alterations and refurbishment : 2009 |
| 250 ## - EDITION STATEMENT | |
| Edition statement | 14th ed. |
| 260 ## - PUBLICATION, DISTRIBUTION, ETC. | |
| Place of publication, distribution, etc. | London |
| Name of publisher, distributor, etc. | BCIS |
| Date of publication, distribution, etc. | 2008 |
| 300 ## - PHYSICAL DESCRIPTION | |
| Extent | multiple pagination $3 0 cm. |
| 520 ## - SUMMARY, ETC. | |
| Summary, etc. | Includes nearly 5,000 fully updated materials prices, almost 12,500 built-up work items and over 600 approximate estimating prices. A free download of the electronic pricing system is also available with the book. Contains unit rates, labour hours, material prices and waste factors, plant time, hire rates, detailed approximate estimating, preliminaries and day works, as well as a comprehensive memoranda list. A free download of the electronic pricing system is also available with the book. |
| 520 ## - SUMMARY, ETC. | |
| Summary, etc. | A free download of the electronic pricing system is also available with the book. |
| 520 ## - SUMMARY, ETC. | |
| Summary, etc. | Supersedes 13th ed. (ISBN 9781904829614). |
| 521 ## - TARGET AUDIENCE NOTE | |
| Target audience note | Advanced |
| 590 ## - LOCAL NOTE (RLIN) | |
| Local note | KA |
| 651 #4 - SUBJECT ADDED ENTRY--GEOGRAPHIC NAME | |
| Geographic name | United Kingdom |
| Chronological subdivision | |
| 690 ## - LOCAL SUBJECT ADDED ENTRY--TOPICAL TERM (OCLC, RLIN) | |
| Topical term or geographic name as entry element | BUILT ENVIRONMENT-BUILDING COSTS |
| 700 1# - ADDED ENTRY--PERSONAL NAME | |
| Personal name | Barnett, N.P. |
| Relator term | Editor |
| 942 ## - ADDED ENTRY ELEMENTS (KOHA) | |
| Suppress in OPAC | 0 |
| Withdrawn status | Lost status | Source of classification or shelving scheme | Damaged status | Not for loan | Home library | Current library | Shelving location | Date acquired | Total Checkouts | Full call number | Barcode | Date last seen | Copy number | Price effective from | Koha item type | Date last checked out |
|---|---|---|---|---|---|---|---|---|---|---|---|---|---|---|---|---|
| Dewey Decimal Classification | London | London | Basement | 23/09/2008 | BASEMENT | 30076122 | 06/08/2019 | 2 | 06/08/2019 | Reference material | ||||||
| Dewey Decimal Classification | London | London | Basement | 23/09/2008 | 8 | BASEMENT | 30076123 | 06/08/2019 | 3 | 06/08/2019 | Book | 22/09/2009 | ||||
| Dewey Decimal Classification | London | London | Basement | 23/09/2008 | BASEMENT | 30076124 | 06/08/2019 | 4 | 06/08/2019 | Book | ||||||
| Dewey Decimal Classification | London | London | RICS Boxes | 03/10/2008 | RICS 2008/43 | 30076121 | 06/08/2019 | 1 | 06/08/2019 | Archive |